Score 0/24 Timer 07:00
4 Plays Today
% Correct
Joker
99.7%
Two-Face
95%
Green Goblin
92.5%
Doctor Octopus
88.6%
Magneto
88.1%
Scarecrow
87.6%
Venom
85.6%
Bane
85.2%
Red Skull
73.9%
Juggernaut
73.2%
Doctor Doom
71.5%
Loki
65.4%
% Correct
Mystique
61.8%
Thanos
57.2%
Bullseye
57.1%
Sabretooth
53.7%
Syndrome
51.8%
Galactus
51.7%
Lex Luthor
50.4%
Sinestro
47.8%
Cheetah
46.1%
Apocalypse
40.5%
Mandarin
38.6%
Mephisto
34.1%
Remove Ads.
Support Sporcle.
Get the best of Sporcle when you Go Orange. This ad-free experience offers more features, more stats, and more fun while also helping to support Sporcle. Thank you for becoming a member.

You're not logged in!

Compare scores with friends on all Sporcle quizzes.
OR
Log In

Show Comments

Extras

Top Quizzes Today


Score Distribution

Your Account Isn't Verified!

In order to create a playlist on Sporcle, you need to verify the email address you used during registration. Go to your Sporcle Settings to finish the process.

Report this User

Report this user for behavior that violates our Community Guidelines.

Details: